000 00578nam a22002177a 4500
003 UA-OsUOA
001 37786
007 ta
008 20070516b un ||||| |||| 00| 0 ukr d
090 _a94(477).152
_bП11
942 _cBK
040 _aUA-OsUOA
_bukr
_cUA-OsUOA
_dUA-OsUOA
245 _aП'ятнадцятий Конгрес Українців Канади
300 _a242 с.
955 _a1
041 _aukr
080 _a94(477).152
260 _aВінніпег
_c1986
650 7 _a9 Географія. Біографії. Історія
_2UDC
999 _c436313
_d436313